000
00298nam a2200121Ia 4500
008
140130s9999 xx 000 0 und d
245
_c
Mayer, Mercer
_a
What do you do with a kangaroo
260
_b
Scholastic,
_c
1973
440
_v
1
521
_a
Grade 3 - Grade 5
942
_c
BK
999
_c
41041
_d
41041